[Event "FIDE GP w"]
[Site "Nanjing CHN"]
[Date "2009.10.02"]
[Round "5"]
[White "Mkrtchian, L."]
[Black "Zhao Xue"]
[Result "1-0"]
[WhiteElo "2468"]
[BlackElo "2542"]
[PlyCount "63"]
[EventDate "2009.09.28"]

1. d4 Nf6 2. c4 e6 3. Nc3 Bb4 4. e3 O-O 5. Nge2 d5 6. a3 Be7 7. cxd5 Nxd5 8. g3
c5 9. Bg2 Nxc3 10. bxc3 Nc6 11. O-O Qc7 12. Rb1 Rd8 13. Nf4 b6 14. Qe2 cxd4 15.
cxd4 Bb7 16. d5 exd5 17. Nxd5 Nd4 18. Qh5 Ne2+ 19. Kh1 Rxd5 20. Bxd5 Nc3 21.
Qxf7+ Kh8 22. e4 Rf8 23. Qe6 Nxd5 24. exd5 Qc4 25. Kg1 Bc5 26. Be3 Bxd5 27. Qe5
Bxe3 28. Qxe3 Bf3 29. Rb4 Qc8 30. Rf4 Bc6 31. Rc1 Re8 32. Re4 1-0